| 000 | 00841nam a2200265Ia 4500 | ||
|---|---|---|---|
| 003 | OSt | ||
| 005 | 20220928115246.0 | ||
| 006 | a|||||r|||| 00| 0 | ||
| 007 | ta | ||
| 008 | 220927b |||||||| |||| 00| 0 eng d | ||
| 020 | _c9411.6499999999996 | ||
| 024 | _a124855 | ||
| 037 |
_b150, 05/11/2014, N.R.Book Distributors _cTextual |
||
| 040 |
_aSDCL _cSDCL _beng |
||
| 041 |
_2eng _aeng |
||
| 082 | _aJ37:3, Q4 | ||
| 100 |
_aNath Pravendra Ed. _9443548 |
||
| 245 | 0 |
_aFruit ripening _b Physiology, signalling and genomics |
|
| 260 |
_aWallingford _bCabi _c2014 |
||
| 300 |
_ax;321p _ccm. |
||
| 650 | _aPlant Molecular Biology | ||
| 700 |
_a Bouzayen Mondher Ed. _9443549 |
||
| 942 |
_hJ37:3, Q4 _cTEXL _2CC |
||
| 999 |
_c758686 _d758686 |
||